Cinq Mars, ou une Conjuration sous Louis XIII
Saved in:
| 主要作者: | |
|---|---|
| 格式: | 圖書 |
| 語言: | 法语 |
| 出版: |
Bruselas
Kiessling et Compagnie
1852
|
| 版: | 8a. ed |
| 主題: | |
| 標簽: |
添加標簽
沒有標簽, 成為第一個標記此記錄!
|
MARC
| LEADER | 00000nam a2200000 a 4500 | ||
|---|---|---|---|
| 001 | UCJ7382 | ||
| 003 | CL-VaPUC | ||
| 008 | 070124e18520000BE |||||||||||||||||fre|d | ||
| 082 | 0 | 4 | |a 944 |b VIG |2 21 |
| 100 | 0 | |a Vigny, Alfred de |e author |9 515724 | |
| 245 | 1 | 0 | |a Cinq Mars, ou une Conjuration sous Louis XIII |
| 250 | |a 8a. ed | ||
| 300 | |a pág. irreg | ||
| 942 | |c BK | ||
| 945 | |d 20070124 00:00:00 |a rinostro | ||
| 260 | |a Bruselas |b Kiessling et Compagnie |c 1852 | ||
| 500 | |a 4 tomos en un volumen | ||
| 600 | 0 | 7 | |a LUIS XIII DE FRANCIA |2 CL-VaPUC |9 515725 |
| 650 | 7 | |a DOCUMENTOS |2 CL-VaPUC |9 366450 | |
| 650 | 0 | |a Estética |9 264950 | |
| 650 | 0 | |a Arte |9 265238 | |
| 583 | |a last modification |c 20070124 00:00:00 |k Rodrigo Vera | ||
| 999 | |c 323472 |d 323470 | ||
| 952 | |0 0 |1 0 |4 0 |6 944_000000000000000_VIG_1852 |7 0 |8 X |9 403125 |a FDOBUD |b FDOBUD |d 2019-11-22 |i 1063057 |o 944 VIG 1852 |p 1063057 |r 2019-11-22 |w 2019-11-22 |y BK_X |k BUD | ||